000 00408nam a2200169Ia 4500
008 230525s9999 xx 000 0 und d
020 _a978-07-015131-4
082 _a 621.4021
_bNAG
100 _aP K Nag
245 0 _aBasic And Applied Thermodynamics
250 _a2
260 _aNew Delhi
_bMGH
_c2010
300 _a846p;
500 _aQuantity Number: 44
650 _aThermodynamics
942 _cBK
999 _c61001
_d61001